000 01054nam a22003257a 4500
003 CHAP
005 20220329143727.0
008 110420s1979 mx r 00010 spa d
010 _a101000
011 _a101972
020 _a9682303842
035 _a112660
040 _cCHAP
082 0 4 _a341.481
_bN85
100 0 0 _aNovoa Monreal, Eduardo.
_982055
245 1 0 _aDerecho a la vida privada y libertad de información :
_bun conflicto de derechos
_c/por Eduardo Novoa Monreal
260 _aMéxico, D.F. :
_bSiglo XXI,
_c1979
300 _a224 p.
590 _aBATCH-UPD
_b10
_c20130110
_lUCH01
_h1639
590 _aBATCH-UPD
_b10
_c20130410
_lUCH01
_h1030
590 _aBATCH-UPD
_b10
_c20130914
_lUCH01
_h1023
590 _aCONVERSION
_b10
_c20130109
_lUCH01
_h1356
650 1 4 _aComunicación de masas.
_926210
650 1 4 _aDerechos civiles.
_931913
650 1 4 _aDerechos humanos.
_931916
650 1 4 _aLibertad de prensa.
_966626
901 _aBK
942 _cLIBRO
949 _a341.481 N85
_bBC
_cLIBRO
_d33724002253801
_eLIBRO
_h114732
_i112660
_sb
999 _c101000
_d101000